|
|
|
|
| LEADER |
00000nam0a2200000 4500 |
| 001 |
38815 |
| 005 |
20231101210524.0 |
| 035 |
|
|
|a (RuTPU)RU\TPU\book\39644
|
| 090 |
|
|
|a 38815
|
| 100 |
|
|
|a 20020319d1976 km y0rusy50 ca
|
| 101 |
0 |
|
|a rus
|
| 102 |
|
|
|a RU
|
| 105 |
|
|
|a a go 001zy
|
| 200 |
1 |
|
|a Таблицы физических величин
|e справочник
|f Под ред. И. К. Кикоина
|
| 210 |
|
|
|a Москва
|c Атомиздат
|d 1976
|
| 215 |
|
|
|a 1006 с.
|c ил.
|
| 320 |
|
|
|a Библиогр.: с. 1005-1006.
|
| 606 |
1 |
|
|a Физика
|2 stltpush
|3 (RuTPU)RU\TPU\subj\63709
|9 80688
|
| 610 |
1 |
|
|a вещества
|
| 610 |
1 |
|
|a единицы измерения
|
| 610 |
1 |
|
|a физические величины
|
| 610 |
1 |
|
|a механика
|
| 610 |
1 |
|
|a термодинамика
|
| 610 |
1 |
|
|a сжимаемость
|
| 610 |
1 |
|
|a газы
|
| 610 |
1 |
|
|a жидкости
|
| 610 |
1 |
|
|a акустика
|
| 610 |
1 |
|
|a термометрия
|
| 610 |
1 |
|
|a теплоемкость
|
| 610 |
1 |
|
|a кинетика
|
| 610 |
1 |
|
|a электричество
|
| 610 |
1 |
|
|a магнетизм
|
| 610 |
1 |
|
|a оптика
|
| 610 |
1 |
|
|a рентгеновское излучение
|
| 610 |
1 |
|
|a ядерная физика
|
| 610 |
1 |
|
|a астрономия
|
| 610 |
1 |
|
|a геофизика
|
| 610 |
1 |
|
|a справочники
|
| 675 |
|
|
|a 53(035)(083)
|v 3
|
| 702 |
|
1 |
|a Кикоин
|b И. К.
|4 340
|
| 801 |
|
1 |
|a RU
|b 63413507
|c 20020319
|g PSBO
|
| 801 |
|
2 |
|a RU
|b 63413507
|c 20140623
|g PSBO
|
| 942 |
|
|
|c BK
|